Portuguese Monarchs Quiz - Statistics

General Stats
  • This quiz has been taken 89 times
  • The average score is 10 of 17
Answer Stats
# Name % Correct
6 John
94%
5 Peter
79%
3 Philip
77%
2 Manuel
67%
2 Ferdinand
63%
1 Henry
63%
1 Louis
63%
1 Maria
58%
6 Afonso
52%
1 Carlos
52%
2 Sancho
48%
1 Sebastian
46%
1 Joseph
44%
1 Edward
42%
2 Mary
42%
1 Denis
35%
1 Michael
35%
No matching quizzes found
Score Distribution
Percent of People with Each Score
Percentile by Number Answered
Your Score History
You have not taken this quiz